| 000 | 00000nam 2200000zi 4500 |
| 001 | 9.921576 |
| 003 | CaOODSP |
| 005 | 20250910142446 |
| 006 | m o d f |
| 007 | cr ||||||||||| |
| 008 | 230406t20232023onca ob f000 0 fre d |
| 020 | |a9780660483177 |
| 040 | |aCaOODSP|bfre|erda|cCaOODSP |
| 043 | |an-cn--- |
| 086 | 1 |aD2-645/2023F-PDF |
| 245 | 00|aÉvolutions de la sécurité humaine : |bcadres et considérations pour les forces armées canadiennes / |csous la direction de Shannon Lewis-Simpson et Sarah Jane Meharg. |
| 264 | 1|aKingston, Ontario : |bl’Académie canadienne de la Défense, |c[2023] |
| 264 | 4|c©2023 |
| 300 | |a1 ressource en ligne (vi, 337 pages) : |billustrations |
| 336 | |atexte|btxt|2rdacontent/fre |
| 337 | |ainformatique|bc|2rdamedia/fre |
| 338 | |aressource en ligne|bcr|2rdacarrier/fre |
| 500 | |aPublié aussi en anglais sous le titre : Evolving human security : frameworks and considerations for Canada’s military. |
| 500 | |aFichier de publication remplacé par un nouveau à la demande du ministère auteur, 24 novembre 2023. |
| 504 | |aComprend des références bibliographiques. |
| 610 | 16|aCanada. |bForces armeĢes canadiennes. |
| 650 | 6|aSécurité humaine. |
| 650 | 6|aForces de maintien de la paix canadiennes. |
| 650 | 6|aConsolidation de la paix canadienne. |
| 650 | 6|aSecours aux victimes de catastrophes. |
| 650 | 6|aDroit d'ingérence humanitaire. |
| 651 | 6|aCanada|xPolitique militaire. |
| 700 | 1 |aLewis-Simpson, Shannon, |d1974- |
| 710 | 2 |aAcadémie canadienne de la défense, |eorganisme de publication. |
| 710 | 1 |aCanada. |bMinistère de la défense nationale, |eorganisme de publication. |
| 775 | 08|tEvolving human security : |w(CaOODSP)9.921577 |
| 776 | 0#|tÉvolution de la sécurité humaine : |w(CaOODSP)9.922397 |
| 856 | 40|qPDF|s3.00 Mo|uhttps://publications.gc.ca/collections/collection_2023/mdn-dnd/D2-645-2023-fra.pdf |